000 01243cam a22003377a 4500
003 CHAP
005 20220329141229.0
008 971010s1961 r 00010 d
010 _a64777
011 _a65749
035 _a73052
040 _cCHAP
082 _a631.0913
_bP45
100 0 0 _aPhillips, John.
_987823
245 1 4 _aThe development of agriculture and forestry in the tropics
260 _aLondon :
_bFaber and Faber,
_c1961
300 _a212 p.
_b: ilus.
590 _aBATCH-UPD
_b10
_c20130110
_lUCH01
_h0706
590 _aBATCH-UPD
_b10
_c20130410
_lUCH01
_h0351
590 _aBATCH-UPD
_b10
_c20130913
_lUCH01
_h2356
590 _aCONVERSION
_b10
_c20130109
_lUCH01
_h1335
650 1 4 _aAgricultura
_xTrĂ³picos.
_91888
650 1 4 _aBosques
_xTrĂ³picos.
_914401
901 _aBK
942 _cLIBRO
949 _a631.0913 P45
_bBC
_cLIBRO
_d33724000053195
_eLIBRO
_h20042
_i73052
_si
_t94.50
949 _a631.0913 P45
_bBC
_cLIBRO
_d33724000053211
_eLIBRO
_fc.3
_h20044
_i73052
_si
_t94.50
949 _a631.0913 P45
_bBC
_cLIBRO
_d33724000053229
_eLIBRO
_fc.2
_h20043
_i73052
_si
_t94.50
949 _a631.0913 P45
_bBC
_cLIBRO
_d33724000053237
_eLIBRO
_fc.4
_h20045
_i73052
_si
_t94.50
949 _a631.0913 P45
_bDCF
_cLIBRO
_d-5810
_eLIBRO
_h3898
_i73052
_si
999 _c64777
_d64777